Statistieken voor Drukste luchthavens/vliegvelden in de Benelux

Klik hier om de quiz te nemen!

Algemene statistieken

  • Deze quiz is 141 keer genomen
  • De gemiddelde score is 9 van 11

Antwoordstatistieken

#Passagiers (2016)Stad / luchthaven% Correct
163 526 363Amsterdam (Schiphol)
100%
221 818 418Brussel (Zaventem)
99%
61 643 993Rotterdam-Den Haag
92%
9276 311Antwerpen Internationaal
91%
44 780 197Eindhoven
89%
10176 562Maastricht Aken
83%
11152 451Groningen
79%
8382 000Luik
77%
7434 970Oostende-Brugge Internationaal
75%
37 303 720Charleroi (Brussel Zuid)
71%
53 020 000Luxemburg (Findel)
60%

Scoreverdeling

Percentiel versus Aantal Correcte Antwoorden

Procent van Mensen met Elke Score

Uw Scoregeschiedenis

U heeft deze quiz nog niet genomen